| 000 | 00328nam a22001337a 4500 | ||
|---|---|---|---|
| 020 | _a0-19-275230-8 | ||
| 082 |
_a823 _bWIL/H |
||
| 100 | _aJACQUELINE WILSON | ||
| 245 | _aHOW TO SURVIVE SUMMER CAMP | ||
| 260 |
_aNEW YORK _bOXFORD UNIVERSITY PRESS _c2002 |
||
| 300 | _a164 | ||
| 650 |
_aCHILDREN'S STORY BOOK _zNEW YORK |
||
| 942 | _cBK | ||
| 999 |
_c110 _d110 |
||